|
|
|
|
| LEADER |
00000cam a2200000 7i4500 |
| 001 |
0000003702 |
| 005 |
20110414.0 |
| 020 |
0 |
0 |
|a 1402040156
|
| 090 |
0 |
0 |
|a 338.8873498
|b EVO 2006
|
| 245 |
0 |
4 |
|a The evaluation of competitive strategies in global forestry industries :
|b comparative perspective
|c edited by Juha-Antti Lamberg, Juha Nasi, Jari Ojala, Pasi Sajasalo
|
| 260 |
0 |
0 |
|a Netherlands :
|b Springer ,
|c 2006
|
| 300 |
|
|
|a x, 317 p. :
|b ill. ;
|c 26 cm.
|
| 650 |
0 |
0 |
|a Industrial management
|x Environmental aspects
|
| 700 |
1 |
1 |
|a Lamberg, Juha-Antti
|
| 700 |
1 |
1 |
|a Nasi, Juha
|
| 700 |
1 |
1 |
|a Ojala, Jari
|
| 700 |
1 |
1 |
|a Sajasalo, Pasi
|
| 999 |
|
|
|a 007119
|b Monograph
|c Open Shelf
|e Default branch
|